BIBLIOTHÈQUE DE LA MAISON DU MEXIQUE

Logo 1 Logo 2

La isla de los hombres solos (notice nᵒ 5525)

détails MARC
000 -Sello discográfico
campo de control de longitud fija 00731nam0a2200253 4500
005 - Identificación de versión
campo de control 20251016084459.0
035 ## - Otros números de control del sistema
Número de control del sistema 9289
099 ## - fechas locales
Tipo de ítem Koha LIBRO
100 ## - Datos de procesamiento general
Datos de procesamiento general 20111213d19721970m y0spay5003 ba
105 ## - Campo de datos codificados: Material textual, monográfico
Datos codificados de monografía y 001ay
200 1# - Título y mención de responsabilidad
Título propio La isla de los hombres solos
Designación general del material texto impreso
Primer mención de responsabilidad José León Sánchez
205 ## - Declaración de edición
Declaración de edición 22a ed
210 ## - Publicación, distribución, etc.
Lugar de publicación, distribución, etc. México
Nombre del editor, distribuidor, etc. Editorial Novaro
Fecha de publicación, distribución, etc. 1972
215 ## - Descripción física
Designación de material específico y extensión del ítem 234 p
Dimensiones 21 cm
345 ## - Nota de información de adquisición
Fuente de adquisición/dirección de la suscripción [OBSOLETO] Donación
606 ## - Término temático usado como materia
Elemento de entrada Novela costarricense
Subdivisión cronológica Siglo XX
Número Koha 10775
700 ## - Nombre personal - Responsabilidad primaria
Elemento de entrada Sánchez Alvarado
Parte del nombre distinta del elemento de entrada José León
Fechas 1929-2022
Número Koha 10776
801 #0 - Fuente de origen
País FR
Agencia cm
Reglas de catalogación (convenciones descriptivas) AFNOR
900 ## -
-- 1/20989
942 ## - ELEMENTOS DE ENTRADA SECUNDARIOS (KOHA)
Tipo de ítem Koha Livre
996 ## -
-- MEX
-- 751145101
-- MMAG
-- 000918
-- CR863.4 S194IS
-- 20111213LIV
Exemplaires
Estatus retirado Estado de daño Estado de pérdida Fecha de adquisición Biblioteca de origen Biblioteca actual Ubicación en estantería Código de barras Precio de reemplazo Signatura topográfica completa No para préstamo Tipo de ítem Koha Nota pública Nota no pública
      05/08/2025 Casa México Paris Casa México Paris   000918 05/08/2025 CR863.4 S194IS   Livre 20111213LIV 751145101